000 00338 a2200121 4500
001 63252
082 _a941.3510005 UK
090 _c37317
_d37317
100 _aUK GOVT LONDON
245 _aUK 2004 The Official year book of the UK of Great Britin and new ireland
_hEnglish
260 _aLondon, UK
_bUK Govt London
300 _a522p
942 _aCAE NUST
_k941.3510005 UK
999 _c298325
_d298325